Η κρίση και ο τρίτος δρόμος
Αποθηκεύτηκε σε:
| Κύριος συγγραφέας: | |
|---|---|
| Άλλοι συγγραφείς: | , |
| Μορφή: | Βιβλίο |
| Γλώσσα: | Greek Italian |
| Δημοσίευση: |
Αθήνα :
Πολύτυπο,
1983.
|
| Σειρά: | Σύγχρονη πολιτική σκέψη
|
| Θέματα: | |
| Ετικέτες: |
Προσθήκη ετικέτας
Δεν υπάρχουν, Καταχωρήστε ετικέτα πρώτοι!
|
MARC
| LEADER | 00000cam a2200000 i 4500 | ||
|---|---|---|---|
| 001 | 1/38290 | ||
| 008 | 960425s1983 gr | ||| |||| ||gre|| | ||
| 035 | |l 10024834 | ||
| 040 | |a GR-MY-UA |b gre |e aacr | ||
| 041 | 1 | |a gre |h ita | |
| 082 | 7 | |a 335 |2 (22) | |
| 100 | 1 | |a Ingrao, Pietro, |d 1915- | |
| 245 | 1 | 2 | |a Η κρίση και ο τρίτος δρόμος / |c Pietro Ingrao ; μετάφραση: Ανταίου Χρυσοστομίδη ; επιμέλεια: Τάκης Καφετζής. |
| 260 | |a Αθήνα : |b Πολύτυπο, |c 1983. | ||
| 300 | |a 174 σ. ; |c 21 εκ. | ||
| 490 | 1 | |a (Σύγχρονη πολιτική σκέψη) | |
| 500 | |a Μετάφραση του: Grisi e terza via | ||
| 650 | 0 | 0 | |a Communism. |
| 700 | 1 | |a Χρυσοστομίδης, Ανταίος, |d 1952-2015, |e trl | |
| 700 | 1 | |a Καφετζής, Τάκης, |e edt | |
| 830 | 0 | |a Σύγχρονη πολιτική σκέψη | |
| 852 | |a INST |b CHIOS |e 19960425 |h 335 ING |p 005200005403 |q 005200005403 |t BK |y 0 | ||
| 909 | |a Χ |b 002851 | ||
| 970 | |z 1996/04 | ||